Rôles Louis de Funès (1964-1982) - Statistiques

Statistiques générales
  • Ce quiz a été pris 54 fois
  • Le résultat moyen est 16 sur 27
Statistiques - réponses
Année Film Initiales Personnage % Correct
1964 Le Gendarme de Saint-Tropez LC Ludovic Cruchot
98%
1965 Le Gendarme à New York LC Ludovic Cruchot
98%
1968 Le Gendarme se marie LC Ludovic Cruchot
98%
1970 Le Gendarme en balade LC Ludovic Cruchot
98%
1979 Le Gendarme et les Extraterrestres LC Ludovic Cruchot
98%
1982 Le Gendarme et les Gendarmettes LC Ludovic Cruchot
98%
1973 Les Aventures de Rabbi Jacob VP Victor Pivert
76%
1964 Fantômas PJ Paul Juve
67%
1965 Fantômas se déchaîne PJ Paul Juve
67%
1967 Fantômas contre Scotland Yard PJ Paul Juve
67%
1976 L'Aile ou la Cuisse CD Charles Duchemin
65%
1966 Le Grand Restaurant S Septime
65%
1966 La Grande Vadrouille SL Stanislas Lefort
65%
1971 La Folie des Grandeurs DS Don Salluste
61%
1965 Le Corniaud LS Leopold Saroyan
59%
1980 L'Avare H Harpagon
52%
1967 Oscar BB Bertrand Barnier
46%
1968 Le Petit Baigneur L-PF Louis-Philippe Fourchaume
43%
1981 La Soupe aux Choux CR Claude Ratinier
41%
1967 Les Grandes Vacances CB Charles Bosquier
33%
1964 Faites sauter la banque VG Victor Garnier
28%
1971 Jo AB Antoine Brisebard
26%
1970 L'Homme orchestre EE Evan Evans
26%
1978 La Zizanie GD-L Guillaume Daubray-Lacaze
26%
1968 Le Tatoué FM Félicien Mézeray
22%
1969 Hibernatus HBDT Hubert Barrère de Tartas
20%
1971 Sur un arbre perché HR Henri Roubier
9%
Aucun quiz correspondant
Distribution des résultats
% des personnes avec chaque résultat
Percentile par nombre de réponses
Votre historique - résultats
Vous n’avez pas pris ce quiz